|
|
|
|
| LEADER |
00652nam a2200253 4500 |
| 001 |
DLU020000907 |
| 005 |
##1/7/1999 |
| 020 |
# |
# |
|a 2-19-033269-9
|
| 041 |
# |
# |
|f re
|
| 082 |
# |
# |
|a 448
|b RE-M
|
| 100 |
# |
# |
|a Renouard, Madeleine
|
| 245 |
# |
# |
|a Gammes :
|b Exercices Écrits Auto-Correctifs Francais Langue Étrangère /
|c Madeleine Renouard, Francois Weiss
|
| 260 |
# |
# |
|a Paris :
|b Clé International,
|c 1982
|
| 300 |
# |
# |
|a 63 tr.;
|c 26 cm.
|
| 700 |
# |
# |
|a Weiss, Francois
|
| 992 |
# |
# |
|a 1200
|
| 994 |
# |
# |
|a DLU
|
| 900 |
# |
# |
|a False
|
| 911 |
# |
# |
|a Administrator
|
| 925 |
# |
# |
|a G
|
| 926 |
# |
# |
|a A
|
| 927 |
# |
# |
|a SH
|
| 980 |
# |
# |
|a Thư viện Trường Đại học Đà Lạt
|